Teorie automatického řízení 2 Optimální, adaptívní a učící se systémy

Saved in:
Bibliographic Details
Main Author: Zezulka, František
Corporate Author: Vysoké učení technické v Brně
Format: Book
Language:Czech
Published: Praha Státní nakladatelství technické literatury 1987
Edition:1. vyd.
Tags: Add Tag
No Tags, Be the first to tag this record!

MARC

LEADER 00000nam a2200000 4500
001 c036645
005 20221219103529.9
041 0 |a cze 
044 |a CZ 
245 1 0 |a Teorie automatického řízení 2  |b Optimální, adaptívní a učící se systémy  |c František Zezulka 
250 |a 1. vyd. 
264 1 |a Praha  |b Státní nakladatelství technické literatury  |c 1987 
300 |a 124 s. 
100 1 |a Zezulka, František 
710 2 |a Vysoké učení technické v Brně